| 000 | 00510cam a22001097a 4500 | ||
|---|---|---|---|
| 008 | 180718b1980 xxu||||| |||| 00| 0 eng d | ||
| 082 | _aB136065x54/In2s | ||
| 245 |
_aSome special programmes of rural development: statistics, 1978-79 _cby Ministry of Rural Reconstruction (Adminisrative Intelligence Division) |
||
| 260 |
_aNew Delhi _bMinistry of Rural Reconstruction (Administrative Intelligenc _c1980 |
||
| 300 | _a130+p. | ||
| 700 | _aIndia. Ministry of Rural Reconstruction (Administrative Intelligence Division) | ||
| 999 |
_c488926 _d488926 |
||